ბათუმის შოთა რუსთაველის სახელმწიფო უნივერსიტეტის ბიბლიოთეკა

შრომითი რესურსების კვლავწარმოების პრობლემები საბჭოთა საქართველოში / (ბიბ.ჩანაწერი № 63826)

000 -ლიდერი
ფიქსირებული სიგრძის საკონტროლო ველი 00893nam a2200169 4500
003 - საკონტროლო ნომრის იდენტიფიკატორი
საკონტროლო ველი Ge_BSU
005 - ბოლო ოპერაციის თარიღი და დრო
საკონტროლო ველი 20260129133946.0
008 - ფიქსირებული სიგრძის მონაცემთა ელემენტები - ზოგადი ინფორმაცია
ფიქსირებული სიგრძის საკონტროლო ველი 260129s1971 ge ||||| |||| 00| 0 geo d
041 ## - ენის კოდი
Language code of text/sound track or separate title geo
080 ## - უნივერსალური ათობითი კლასიფიკაციის ინდექსი
Universal Decimal Classification number 331.101.262(479.22) ა-27
100 ## - მთავარი ჩანაწერი - პიროვნების სახელი
Personal name ადეიშვილი, გიორგი
9 (RLIN) 689
245 ## - ცნობა სათაურის შესახებ
Title შრომითი რესურსების კვლავწარმოების პრობლემები საბჭოთა საქართველოში /
Statement of responsibility, etc გიორგი ადეიშვილი.
264 ## - წარმოების, გამოცემის, დისტრიბუციის და სხვა ცნობები
გამოცემის, წარმოების, დისტრიბუციის... ადგილი თბილისი :
გამოცემის, წარმოების, დისტრიბუციის... სახელწოდება საბჭოთა საქართველო,
გამოცემის, წარმოების, დისტრიბუციის... თარიღი 1971.
300 ## - ფიზიკური აღწერა
Extent 198 გვ. :
Other physical details 1 ფ. ცხრ. ;
Dimensions 21 სმ.
653 ## - INDEX TERM--UNCONTROLLED
Uncontrolled term შრომითი რესურსების კვლავწარმოება საქართველოში
942 ## - ADDED ENTRY ELEMENTS (KOHA)
Source of classification or shelving scheme
Koha item type წიგნი
ეგზემპლარები
ჩამოწერის სტატუსი დაკარგული ეგზემპლარის სტატუსი კლასიფიკაციის წყარო ან თაროზე გაწყობის სქემა დაზიანების სტატუსი არ გაიცემა მუდმივი მდებარეობა (დაცვის ადგილი) ამჟამინდელი ადგილსამყოფელი თაროზე განთავსების ადგილი შეძენის თარიღი ღირებულება, შესყიდვის ნორმალური ფასი სრული შენახვის შიფრი შტრიხკოდი ბოლო ოპერაციის თარიღი ეგზემპლარის მიმდევრობითი ნომერი (კეტერი?) ფასის ძალაში შესვლის თარიღი ეგზემპლარის სახეობა საჯარო შენიშვნა
          ბათუმის შოთა რუსთაველის სახელმწიფო უნივერსიტეტის მთავარი ბიბლიოთეკა ბათუმის შოთა რუსთაველის სახელმწიფო უნივერსიტეტის მთავარი ბიბლიოთეკა წიგნსაცავი 2026-01-29 2.60 331.101.262(479.22) ა-27 73570 2026-01-29 73570 2026-01-29 წიგნი 2 ლ. 60 თ.